[Event "San Francisco Grey Memorial"]
[Site "San Francisco"]
[Date "2017.08.22"]
[Round "3"]
[White "Dougal, Michael Colin"]
[Black "Simpkins, Jerry"]
[Result "1-0"]
[WhiteElo "1933"]
[BlackElo "1553"]
[PlyCount "47"]
[EventDate "2017.08.08"]
[EventType "swiss"]
[EventRounds "9"]
[EventCountry "USA"]
[SourceTitle "EXT 2023"]
[Source "ChessBase"]
[SourceDate "2022.10.05"]
[SourceVersion "1"]
[SourceVersionDate "2022.10.05"]
[SourceQuality "1"]

1. e4 e5 2. Nf3 f5 3. Nxe5 Qe7 4. d4 d6 5. Nc4 fxe4 6. Nc3 Nf6 7. Bg5 c6 8. Ne3 d5 9. f3 h6 10. Bxf6 Qxf6 11. fxe4 Qg5 12. Qf3 dxe4 13. Nxe4 Qa5+ 14. c3 Be6 15. Bc4 Bd5 16. Nxd5 cxd5 17. Bxd5 Qc7 18. 0-0 Nc6 19. Qh5+ Kd8 20. Bxc6 bxc6 21. Rf7 Qb6 22. Qf5 Be7 23. Nc5 Qxb2 24. Qd7# 1-0

[Event "San Francisco Benson Memorial"]
[Site "San Francisco"]
[Date "2016.09.06"]
[Round "6"]
[White "Handler, Andrew Todd"]
[Black "Dougal, Michael Colin"]
[Result "0-1"]
[WhiteElo "1701"]
[BlackElo "1931"]
[PlyCount "86"]
[EventDate "2016.08.02"]
[EventType "swiss"]
[EventRounds "9"]
[EventCountry "USA"]
[SourceTitle "EXT 2018"]
[Source "ChessBase"]
[SourceDate "2017.10.13"]
[SourceVersion "1"]
[SourceVersionDate "2017.10.13"]
[SourceQuality "1"]

1. e4 d6 2. d4 Nf6 3. Nc3 g6 4. Be3 c6 5. Qd2 b5 6. f3 Nbd7 7. 0-0-0 Nb6 8. Bd3 b4 9. Nce2 a5 10. Bh6 Bxh6 11. Qxh6 Be6 12. Kb1 a4 13. Nf4 b3 14. Nxe6 bxa2+ 15. Kxa2 fxe6 16. Ne2 Kd7 17. Nf4 Qg8 18. e5 Nfd5 19. Nxd5 Nxd5 20. Rhe1 a3 21. b3 Nc3+ 22. Ka1 Nxd1 23. Rxd1 d5 24. Qd2 Qb8 25. Ka2 Qb6 26. c3 c5 27. dxc5 Qxc5 28. c4 Qd4 29. cxd5 Qb2+ 30. Qxb2 axb2+ 31. Kxb2 exd5 32. Bb5+ Ke6 33. f4 Rab8 34. Be2 Rhd8 35. Bg4+ Kf7 36. Rd4 e6 37. Be2 Rb6 38. Bg4 Rdb8 39. Bd1 Rb4 40. Kc3 Rxd4 41. Kxd4 Rb4+ 42. Ke3 Re4+ 43. Kf3 Re1 0-1

[Event "San Francisco TNM Winter op"]
[Site "San Francisco"]
[Date "2016.01.12"]
[Round "2"]
[White "Dougal, Michael Colin"]
[Black "Walder, Michael S"]
[Result "0-1"]
[WhiteElo "1801"]
[BlackElo "2123"]
[PlyCount "52"]
[EventDate "2016.01.05"]
[EventType "swiss"]
[EventRounds "8"]
[EventCountry "USA"]
[SourceTitle "EXT 2018"]
[Source "ChessBase"]
[SourceDate "2017.10.13"]
[SourceVersion "1"]
[SourceVersionDate "2017.10.13"]
[SourceQuality "1"]

1. e4 Nf6 2. e5 Nd5 3. d4 d6 4. c4 Nb6 5. exd6 cxd6 6. Nc3 g6 7. Be3 Bg7 8. Rc1 0-0 9. b3 e5 10. dxe5 dxe5 11. c5 N6d7 12. Bc4 Nc6 13. Nf3 Qa5 14. 0-0 Nxc5 15. Bxc5 Qxc5 16. Ne4 Qe7 17. Nfg5 Nd4 18. f4 exf4 19. Rxf4 Ne6 20. Nxe6 Bxe6 21. Qd6 Qxd6 22. Nxd6 Be5 23. Rxf7 Bxf7 24. Nxf7 Rxf7 25. Bxf7+ Kxf7 26. Rd1 Ke6 0-1